| 000 | 01088cam a22002774a 4500 | ||
|---|---|---|---|
| 001 | 15478903 | ||
| 005 | 20081210165942.0 | ||
| 008 | 081007s2007 nyua b 001 0 eng | ||
| 010 | _a2008277454 | ||
| 020 | _a9780072263367 (pbk.) | ||
| 020 | _a0072263369 (pbk.) | ||
| 040 |
_aDLC _cDLC _dDLC |
||
| 050 | 0 | 0 |
_aQA76.76.O63 _bU5418 2007 |
| 082 | 0 | 0 |
_a005.432 _222 _bUNI |
| 245 | 0 | 0 |
_aUNIX : _bThe complete reference / _cKenneth H. Rosen ... [et al.]. |
| 250 | _a2nd ed. | ||
| 260 |
_aNew York : _bMcGraw-Hill, _cc2007. |
||
| 300 |
_axxxviii, 873 p. : _bill. ; _c24 cm. |
||
| 500 | _a"Covers all UNIX variants - including Linux, Solaris, HP-UX, AIX, FreeBSD, and Mac OS X", on cover. | ||
| 630 | 0 | 0 | _aUNIX (Computer file) |
| 650 | 0 | _aOperating systems (Computers) | |
| 700 | 1 | _aRosen, Kenneth H. | |
| 942 |
_2ddc _cBB |
||
| 999 |
_c10683 _d10683 |
||